01026naa#a2200169#i#4500001001500000005001700015100004100032102000700073200026100080210016900341215001000510608006000520675017600580700002600756700005600782856001800838RU\\bibl\2017620260701075217.3##a20260630b2026####ek#y0rusy0150####ca##aRU1#aКОНТЕНТ-БАЗИРОВАННАЯ И КОЛЛАБОРАТИВНАЯ ФИЛЬТРАЦИИ КАК МЕТОДЫ ПОСТРОЕНИЯ ПЕРСОНАЛЬНЫХ РЕКОМЕНДАТЕЛЬНЫХ СИСТЕМeСтатья/тезисы конференции1#aВоронежcВоронежский государственный лесотехнический университет имени Г.Ф. Морозоваd2026##a8 с.##aСтатья/тезисы конференции2local##aИнформационные технологии. Компьютерные технологии. Теория вычислительных машин и систем. 004#1aЗлобинgЕ. А.#1aКравченкоgАндрей Сергеевич4#abibl.vgltu.ru